000 00284nam a22001337a 4500
008 180918b xxu||||| |||| 00| 0 eng d
020 _a0801633605
041 _aeng
080 _a616
100 _a9
101 _aPATF
245 _aPathophysiology
_cMcCance, K.L
942 _2udc
_cBK
999 _c47947
_d47947